000 03040nam a2200301 a 4500
001 000039101
003 Ost
005 20260321073643.0
008 081117s2012 dr ab 001 0bspa d
020 _a9789945874082
040 _aDO-SdBNP
_bspa
_cBNPHU
049 _a
082 _a923.15694
_bD249B, 2012
_222
100 1 _a Bosch, Juan,
_d1909-2001
_976555
245 1 0 _aDavid :
_bbiografía de un rey /
_cJuan Bosch ; portada Amaury Villalba.
260 _aSanto Domingo :
_bFundación Juan Bosch,
_c2012.
300 _a287 p. ;
_c22 cm.
490 1 _aBosch para todo
500 _aIncluye un mapa Occidental
505 0 _tEn el que aparece Samuel Ben Elcana, verdadero fundador del reino de Israel --
_tEn el que aparece Saúl Ben Quis, a quien Samuel unge rey --
_tEl que se da cuenta de cómo y por qué el sacerdote Samuel rompió con el rey Saúl --
_tEn el que aparece David Ben Isaí, llamado a ser rey a la muerte de Saúl --
_tEn el que se explica por qué no pudo haber combate entre el niño David y el gigante Goliat --
_tEn el que se relata cómo y por qué Saúl odió a David hasta el punto de proponerse darle muerte --
_tEn el se explica cómo Jonatán, el hijo del rey, salvó a David --
_tEn el que se cuentan las aventuras de David mientras era perseguido por el rey Saúl --
_tEn el que se cuentan otras aventuras de David mientras huía de la persecución de Saúl --
_tEn el que se refiere cómo murieron el rey Saúl y su hijo Jonatán y lo que hizo David cuando supo la noticia --
_tEn el que se ve a David llegar a rey de Judá y se explica cómo empezó la guerra contra los descendientes de Saúl --
_tEn la que se explica cómo David pasó de rey de Judá a rey de Israel y qué hizo con los descendientes de Saúl --
_tEn el que vemos a David conquistando Jerusalén, donde estableció la capital del reino --
_tEn que se habla de las muchas guerras que tuvo David contra varios pueblos --
_tEn el que se prosigue la historia de la guerras que mantuvo David contra pueblos vecinos de Israel y pueblos distantes --
_tEn el que se da cuenta del pecado cometido por David al ordenar el asesinato de Urías y de cómo se arrepintió ante Natán --
505 0 _tEn el que se explica cómo organizó David su reinado y cómo y por qué murió su hijo Amnón a manos de su otro hijo Absalón --
_tEn el que se refiere el derrocamiento de David por su hijo Absalón --
_tEn el que se relata la muerte de Absalón y las cosas que sucedieron después de la batalla en que perdió la vida --
_tEn el que se explica qué hacía David en sus últimos años y por qué quería edificar el templo --
_tEn el que se cuenta cómo y por qué escogió David a su hijo Salomón por heredero y qué encomiendas le hizo David antes de morir --
_tCronología.
590 _aInventario, 2020/VM
600 1 4 _aDavid,
_d1040-968 a de J. C.
_9533
_cRey de Israel
650 4 _aDavid,
_xReyes y soberanos
_vBiografías
_977237
830 0 _aBosch para todo
_965297
910 _aVMateo / Validado. Control de la calidad
942 _2ddc
_cLBS1
999 _c38591
_d38591